000
00344nam a22001457a 4500
008
230828b ||||| |||| 00| 0 eng d
020
_a
1930415172
041
_a
eng
080
_a
7
082
_2
7
100
_a
19
101
_a
ART
245
_a
PARADISE LOST PAINTINGS ON PAPER FROM THE 1940s AND 1950s
_c
CLIFFORD ODETS
942
_2
udc
_c
BK
999
_c
60203
_d
60203